书目信息 |
| 题名: |
四世同堂
|
|
| 作者: | 老舍, 著 | |
| 分册: | 上 | |
| 出版信息: | 哈尔滨 北方文艺出版社 2019.04 |
|
| 页数: | 536页 | |
| 开本: | 21cm | |
| 丛书名: | ||
| 单 册: | ||
| 中图分类: | I246.57 | |
| 科图分类: | ||
| 主题词: | 长篇小说--chang pian xiao shuo--中国--现代 | |
| 电子资源: | ||
| ISBN: | 978-7-5317-3939-5 | |
| 000 | 00925nam0 2200241 450 | |
| 001 | 202020139833 | |
| 005 | 20200926181351.0 | |
| 010 | @a978-7-5317-3939-5@dCNY29.00 | |
| 100 | @a20200917d2019 em y0chiy50 ea | |
| 101 | 0 | @achi |
| 102 | @aCN@b230000 | |
| 105 | @ay z 000ay | |
| 106 | @ar | |
| 200 | 1 | @a四世同堂@Asi shi tong tang@h上@f老舍著 |
| 205 | @a第2版 | |
| 210 | @a哈尔滨@c北方文艺出版社@d2019.04 | |
| 215 | @a536页@d21cm | |
| 330 | @a本书以抗战时期的北平沦陷区为背景, 描写了北京城内“小羊圈”胡同里以祁家祖孙四代为中心的十几户人家、一百多人的心理和遭遇, 再现了在日本侵略者的残暴统治下, 北平人民由惶惑苦闷、忍辱偷生到逐渐觉醒、反抗的过程, 歌颂了他们可贵的民族气节以及中华民族坚强不屈的斗争意志和抗战决心。 | |
| 606 | 0 | @a长篇小说@Achang pian xiao shuo@y中国@z现代 |
| 690 | @aI246.57@v5 | |
| 701 | 0 | @a老舍,@Alao she@f1899-1966@4著 |
| 801 | 0 | @aCN@c20190513 |
| 905 | @a河南城建学院图书馆@dI246.57@eL072:1 | |
| 四世同堂.上/老舍著.-第2版.-哈尔滨:北方文艺出版社,2019.04 |
| 536页;21cm |
| ISBN 978-7-5317-3939-5:CNY29.00 |
| 本书以抗战时期的北平沦陷区为背景, 描写了北京城内“小羊圈”胡同里以祁家祖孙四代为中心的十几户人家、一百多人的心理和遭遇, 再现了在日本侵略者的残暴统治下, 北平人民由惶惑苦闷、忍辱偷生到逐渐觉醒、反抗的过程, 歌颂了他们可贵的民族气节以及中华民族坚强不屈的斗争意志和抗战决心。 |
| ● |
| 相关链接 |
|
|
|
正题名:四世同堂
索取号:I246.57/L072:1
 
预约/预借
| 序号 | 登录号 | 条形码 | 馆藏地/架位号 | 状态 | 备注 |
| 1 | 1489880 | 214898805 | 文学库108/108文学库 24排5列2层/ [索取号:I246.57/L072:1] | 在馆 | |
| 2 | 1489881 | 214898814 | 文学库108/108文学库 24排5列1层/ [索取号:I246.57/L072:1] | 在馆 |